000 00338nam a2200157Ia 4500
100 _aBalagurusamy/E
650 _aDatatructures
942 _cBK
366 _f23
245 _aDatastructures using C
260 _bTata Mc Graw hill Ltd.
_c2013
082 _a5.73
_bBAL
300 _a315
546 _aENGLISH
_cComputers
999 _c30279
_d30279